Projects In Networking (Record no. 325055)

MARC details
000 -LEADER
fixed length control field 00435nam a2200169Ia 4500
008 - FIXED-LENGTH DATA ELEMENTS--GENERAL INFORMATION
fixed length control field 230718s9999 xx 000 0 und d
020 ## - INTERNATIONAL STANDARD BOOK NUMBER
International Standard Book Number 9788188429707
041 ## - LANGUAGE CODE
Language code of text/sound track or separate title eng
082 ## - DEWEY DECIMAL CLASSIFICATION NUMBER
Classification number 004.6
Item number HAR
100 ## - MAIN ENTRY--PERSONAL NAME
Personal name Hari
9 (RLIN) 173569
245 ## - TITLE STATEMENT
Title Projects In Networking
260 ## - PUBLICATION, DISTRIBUTION, ETC. (IMPRINT)
Date of publication, distribution, etc. 2005
Name of publisher, distributor, etc. Scitech Publication
300 ## - PHYSICAL DESCRIPTION
Extent 144
365 ## - TRADE PRICE
Currency code Rs.
Price amount 125.00
700 ## - ADDED ENTRY--PERSONAL NAME
Personal name Hari & Barani
906 ## - LOCAL DATA ELEMENT F, LDF (RLIN)
d O:0087217-Jun-2010B:299120-May-2010
c IT
b 50
Holdings
Withdrawn status Lost status Damaged status Not for loan Home library Current library Date acquired Vendor Budget Code Cost, normal purchase price Bill number Total Checkouts Full call number Barcode Date last seen Discount Cost, replacement price Bill Date Koha item type Original Barcode
        Cummins College of Engineering for Women Pune Cummins College of Engineering for Women Pune 17/06/2010 Om Book Stall IT 100.00 2991   004.6 CCEP-BK-36262 18/07/2023 50 125.00 20/05/2010 Books 036262